Littérature francaise. La renaissance III (1570-1624)

Uloženo v:
Podrobná bibliografie
Médium: Kniha
Jazyk:Undetermined
Vydáno: París, Francia Arthaud 1973
Témata:
Tagy: Přidat tag
Žádné tagy, Buďte první, kdo vytvoří štítek k tomuto záznamu!

MARC

LEADER 00000nam a2200000Ia 4500
008 170316s9999 xx 000 0 und d
040 |a cru BVZT 
090 |a A-840 L-3L v.5 
245 |a Littérature francaise. La renaissance III (1570-1624) 
260 |a París, Francia 
260 |b Arthaud 
260 |c 1973 
300 |a 307 páginas Tomo V 
650 |a LITERATURA FRANCESA 
650 |a ANTOLOGÍA 
999 |c 12441  |d 12441 
942 |c 15 D  |h A-840 L-3L v.5  |2 z